000
00228nam a22000857a 4500
008
161101b xxu||||| |||| 00| 0 eng d
100
_9
997
_a
Basu.S.
245
_a
General Knowledge-7
260
_a
New Delhi
_b
Britannica Publications
_c
2011
999
_c
3656
_d
3656